000 00304nam a22001337a 4500
008 181016b xxu||||| |||| 00| 0 eng d
020 _a9780130336293
041 _aeng
080 _211 ED
_a339.138
100 _a60
101 _aMAR
245 _aMarketing Managerment
_cKotler .P
942 _2udc
_cBK
999 _c49818
_d49818